Groupes de choses : Football - Statistiques

Statistiques générales
  • Ce quiz a été pris 4 315 fois
    1 865 depuis la dernière actualisation
  • Le résultat moyen est 35 sur 43
Statistiques - réponses
Indice Réponse % Correct
Nations ayant remporté la Coupe du Monde Brésil
96%
Nations ayant remporté la Coupe du Monde France
96%
Clubs en ligue 1 depuis 15 ans sans relégation PSG
96%
Nations ayant remporté la Coupe du Monde Allemagne
95%
Buteurs français en finale de Coupe du Monde Kylian Mbappé
95%
Clubs en ligue 1 depuis 15 ans sans relégation OM
95%
Nations ayant remporté la Coupe du Monde Argentine
94%
Joueurs lauréat d'au moins 3 Ballons d'ors Cristiano Ronaldo
94%
Joueurs lauréat d'au moins 3 Ballons d'ors Lionel Messi
94%
Les clubs londoniens en Premier League Arsenal FC
93%
Les clubs londoniens en Premier League Chelsea FC
93%
Nations ayant remporté la Coupe du Monde Espagne
93%
Le nom des championnats du "Top 5 européen" Ligue 1
93%
Clubs en ligue 1 depuis 15 ans sans relégation OL
93%
Clubs où a joué Cristiano Ronaldo Real Madrid
92%
Nations ayant remporté la Coupe du Monde Italie
91%
Clubs où a joué Cristiano Ronaldo Manchester United
91%
Buteurs français en finale de Coupe du Monde Zinédine Zidane
91%
Le nom des championnats du "Top 5 européen" Bundesliga
90%
Clubs où a joué Cristiano Ronaldo Juventus FC
90%
Le nom des championnats du "Top 5 européen" Liga
89%
Nations ayant remporté la Coupe du Monde Uruguay
89%
Clubs en ligue 1 depuis 15 ans sans relégation LOSC
87%
Le nom des championnats du "Top 5 européen" Serie A
87%
Le nom des championnats du "Top 5 européen" Premier League
86%
Clubs où a joué Cristiano Ronaldo Sporting CP
86%
Nations ayant remporté la Coupe du Monde Angleterre
85%
Buteurs français en finale de Coupe du Monde Antoine Griezmann
84%
Buteurs français en finale de Coupe du Monde Paul Pogba
83%
Noms du stade de Milan San Siro
81%
Joueurs lauréat d'au moins 3 Ballons d'ors Michel Platini
79%
Clubs en ligue 1 depuis 15 ans sans relégation Stade Rennais
77%
Les clubs londoniens en Premier League Tottenham Hotspur
77%
Clubs où a joué Cristiano Ronaldo Al-Nassr FC
75%
Buteurs français en finale de Coupe du Monde Emmanuel Petit
71%
Clubs en ligue 1 depuis 15 ans sans relégation OGC Nice
71%
Les clubs londoniens en Premier League West Ham United
64%
Joueurs lauréat d'au moins 3 Ballons d'ors Johan Cruyff
57%
Joueurs lauréat d'au moins 3 Ballons d'ors Marco Van Basten
53%
Les clubs londoniens en Premier League Crystal Palace
46%
Noms du stade de Milan Giuseppe Meazza
43%
Les clubs londoniens en Premier League Fulham FC
40%
Les clubs londoniens en Premier League Brentford FC
30%
Aucun quiz correspondant
Distribution des résultats
% des personnes avec chaque résultat
Percentile par nombre de réponses
Votre historique - résultats
Vous n’avez pas pris ce quiz depuis la dernière actualisation